| 000 | 00685nam a2200229 u 4500 | ||
|---|---|---|---|
| 005 | 20240228064201.0 | ||
| 008 | 150116s2006 es r 000 0 spa d | ||
| 020 | _a8497951018 | ||
| 035 | _aUPN01000201246 | ||
| 049 | _aI | ||
| 050 | 4 |
_aPZ71 _bT3.383 |
|
| 100 | 1 |
_aTarancón, Gabriel F., _d1965- _936718 |
|
| 245 | 1 | 3 |
_aLa guerra que no fue / _cTexto e il. Gabriel F. Tarancón. |
| 260 |
_aValencia, Esp. : _bBrosquil, _c2006. |
||
| 300 |
_a[24] p. : _bil. col. |
||
| 440 | 0 | _aEstrella polar | |
| 650 | 4 |
_aLibros y lectura para niños _92290 |
|
| 650 | 7 |
_aGuerra _vLiteratura infantil _2 _98599 |
|
| 650 | 4 |
_aCuentos infantiles _96744 |
|
| 905 | _aInfantil | ||
| 999 |
_c173347 _d173347 |
||